000 03281nam a2200541 c 4500
003 BLK
005 20230317100200.0
008 180410b bul|||||r ||||||| ||bul||
010 _aKNG00158472000
020 _a978-954-9837-26-1
_bиздат.: Бълг. библиотечно-информ. асоц.
040 _aBLK
041 _aBUL
_cBUL
072 7 _2bullib
_aН02
_xБиблиотечно дело Н
072 7 _2bullib
_aЯ
_xАвтографи
080 _aБиблиотечно дело. Библиотекознание - Теория на библиотечното дело. Общи въпроси на библиотекознанието
_b02
_x(075)
_z02(075)
080 _a
_b024/025
_x(075)
_z024/025(075)
080 _aБиблиотечно дело. Библиотекознание - Теория на библиотечното дело. Общи въпроси на библиотекознанието
_b02
_x:681.3(075)
_z02:681.3(075)
100 1 _aЯнакиева, Елена Асенова
_eпърви автор
_9371317
700 1 _aИгнатова, Красимира Русева
_e*
_9380727
700 1 _aПапазова, Красимира Иванова
_e*
_9380728
700 1 _aПанчева, Цветанка Христова
_9371495
139 _aБиблиотечно, справочно-библиографско и информационно обслужване
_bБ 44
245 1 0 _aБиблиотечно, справочно-библиографско и информационно обслужване
_bУчебник
_cЕлена Асенова Янакиева; * Красимира Русева Игнатова; * Красимира Иванова Папазова; * Цветанка Христова Панчева.
257 _aBGR
260 София
_bБълг. библиотечно-информ. асоц.
_c2013
_fСофия : ПК Д. Благоев
300 _a276 с.
_bс цв. ил., табл.
_c23 см
380 _a0
500 _aДруги авт. : Кр. Игнатова, Кр. Папазова, Цв. Панчева. - Библиогр. под линия.
650 4 _aБиблиотекознание - учебници
_9331640
650 4 _aБиблиотеки - обслужване на читатели - учебници
_9331642
650 4 _aБиблиотеки - справочно-библиографска и информационна работа - учебници
_9331643
650 4 _aИнформационни и комуникационни технологии - приложение - в библиотечното дело
_9285769
653 _aбиблиотечно дело
653 _aбиблиотекознание
653 _aбиблиотечно обслужване
653 _aсправочно-библиографска работа
653 _aинформационни технологии
653 _aкомуникационни технологии
653 _aбиблиотеки
653 _aучебници
659 _aН
659 _aЯ
852 _aЦб 268262
856 4 _qpdf
_u
856 4 _qpdf
_u
942 _cKNG
_n0
_05
944 _aCR
_c24.03.2014
_lф /
_kЛюдмила_Стоянова
944 _aED
_c16.04.2015
_lф /
_kПенка_Димитрова
999 _c152029
_d152029